| 000 | 00456nab a2200145Ia 4500 | ||
|---|---|---|---|
| 003 | ES-SlBCS | ||
| 005 | 20210601133055.0 | ||
| 008 | 140529s1950 xxu||||| |||| 00| 0 ita d | ||
| 041 | _aita | ||
| 100 | 1 |
_aGradi, Renata _963108 |
|
| 245 | 0 | 0 |
_aI tre principi fondamentali della logica classica _c Renata Gradi |
| 650 | 0 | 4 |
_aLógica Clásica _9151166 |
| 773 | 0 |
_tRivista di Filosofia Neoscolastica _gvol. 42, nº. 4, 1950, págs. 369-372 _wRev392 |
|
| 942 | _cAR | ||
| 999 |
_c590305 _d590305 |
||